Quizzes
Events
Quiz Creation
Community
Videos
Private Events
Remove Ads
Sign In
Join for FREE
Feedback
Dark Mode
Quiz Categories
Sports
Geography
Music
Movies
Television
Just For Fun
Miscellaneous
History
Literature
Language
Science
Gaming
Entertainment
Religion
Holiday
For Kids
Quiz Lab
Recent
Popular Today
Quiz Kudos Today
Editor Picks
Curator Picks
Quizzes by...
Day
Popularity
Type
Ratings
Length
Year
Community
Subscriptions
Recent Discussions
Orange Saloon
Badges
Playlists
Quests
Create
Leaderboards
Showdown
Live 5
Trivia Bingo
Activity
Puzzle Library
Sporcle Events
Private Events
Virtual Trivia
Globe League
Become a Host
Pub Owners
SporcleCon
Opinionation
Our Games
Videos
Blog
Mobile Apps
Partnerships
Remove Ads and Go Orange
Feedback
Television
TV Characters
TV Show
Sitcom
Network
Friends
Reality Shows
Cast
South Park
Star Trek
The Simpsons
Doctor Who
Television
TV Characters
TV Show
Sitcom
Network
Friends
Reality Shows
Cast
South Park
Star Trek
The Simpsons
Doctor Who
Random Quiz
Search Sporcle
×
Quiz Lab
Quiz Lab
Television
Show
Type in answers that appear in a list
Type in answers that appear in a list
Classic
Best Score? Go Orange.
Twin Peaks Trivia Stats
Can you name the Twin Peaks Trivia?
By
benmrhall
6m
23 Questions
2,262 Plays
2,262 Plays
2,262 Plays
Comments
Comments
Give Quiz Kudos
Give Quiz Kudos
-
- Ratings
hide this ad
Replay
Link that replays current quiz
Next Quiz
Link to next quiz in quiz playlist
You Got
0%
They Got
Avg Score
65%
Avg Friend Score
Upgrade to see
Score Distribution
Jump to the score distribution portion of the page
Score
0/23
Timer
06:00
1
Play Today
Question
Answer
% Correct
What does Deputy Andy Brennan do whenever someone dies?
Cry
94%
Complete the quote: 'She's Dead. Wrapped in...'
Plastic
91.9%
Who might Donna Hayward's real father be?
Benjamin Horne
89.8%
Which letter was under Teresa Banks' fingernail?
T
88.1%
What did Leland Palmer do compulsively following Laura's death?
Dance
87.1%
How many dots were on the domino in the picture that Hank Jennings sent to Josie Packard?
Six
81.3%
Who did Laura give her secret diary to?
Harold Smith
81.1%
Who is the only person Gordon Cole can hear without the need of his hearing aids?
Shelly Johnson
80.8%
What was written in blood on a piece of paper in the train car where Ronette and Laura were taken?
Fire - Walk With Me
80.7%
What is the name of the secret society in Twin Peaks?
The Bookhouse Boys
80%
Who shot Special Agent Cooper?
Josie Packard
75.8%
What was Windom Earle's last disguise?
Log Lady
73.8%
Question
Answer
% Correct
How many sycamore trees form a ring in Glastonbury Grove?
Twelve
70.1%
What type of flower did Harold Smith grow in his home?
Hybrid Orchids
69.5%
What aromatic trees grow in Twin Peaks?
Douglas Firs
67.8%
What did Sarah Palmer have a vision of in her living room after being drugged?
A White Horse
65%
What is the Log Lady's real name?
Margaret Lanterman
61%
What does Emory Battis give to the girls who've been selected to work at One Eyed Jack's?
A Glass Unicorn
44.3%
During Cooper's Tibetan Rock Throwing Technique, at who's name did Cooper hit the bottle without breaking it?
Dr. Lawrence Jacoby
42.4%
Where did FBI Special Agent Dale Cooper eat before reaching Twin Peaks?
Lamplighter Inn
27.6%
What is Benjamin Horne's wife's name?
Sylvia Horne
24%
What type of bird is Waldo?
Mynah Bird
22.5%
What is Lucy Moran's older sister's name?
Gwen Morton
17.3%
Quiz Playlist
Details
Report
Send in Message
Add To Playlist
Classic:
Type in answers that appear in a list
Last Updated: Feb 16, 2017
Quiz Scoreboard
CHALLENGE
Sign Up to Join the Scoreboard
Show All
Scores
Hide
Comments
May contain spoilers
Recently Published
9x9 Crossword: Cartoon Network
by jackfrog10
Miscellaneous
3m
College Basketball Coaching Resumes
by pancakes188
Sports
9m
Billboard Blitz: Fleetwood Mac
by CooCooCachoo
Music
15s
More to Explore
Quiz From the Vault
Featured Blog Post
Where Did the Easter Bunny Come From?
hide this ad
You Might Also Like...
Tags
Show Quiz
David Lynch
fire
laura
Series
Twin Peaks
ultimate
Today's Top Quizzes in Television
Browse Television
hide this ad
Today's Top Quizzes in Show
Browse Show
Top Contributed Quizzes in Television
1
5-to-1: The Simpsons Families
2
5-to-1: Television Doctors
3
7-to-1: TV Show Settings
4
5-to-1: Streaming Originals
5
Adjectives in 00s TV Shows
6
One Piece Logic Puzzle
7
Survivor Seasons
8
Adjectives in 80s TV Shows
9
All US Survivor Seasons in Order
10
Adjectives in 10s TV Shows
Explore More
Trending Topics
NBA
Kpop
Disney
Crossword
Harry Potter
Marvel
Anime
Pokémon
WWE
Soccer
Puzzle
NFL
Country
The Office
Song
hide this ad
More By:
benmrhall
Quiz
Plays
Rating
Category
Featured
Created
Twin Peaks Trivia
2,262
4.08
Television
Dec 16, 2010
Go to Creator's Profile
Score Distribution
Quiz Creator Spotlight
benmrhall
Follow
Send a Message
Quizzes Created
-
Created Quiz Play Count
-
More By This Creator
Popular Quizzes Today
1
Find the US States - No Outlines Minefield
2
Find the Countries of Europe - No Outlines Minefield
3
The Countries of the World
4
Find the US States
5
Risky Map Clicking: Biggest States A-Z
6
US States
7
Popular People in 1961
8
Movies - When Are They Set?
More Television Quizzes
TV Shows by First Names
Editor's Pick
Trending Quizzes
Risky Map Clicking: Least Populous States A-Z
1-10 Letter G Words
1-10 Letter F Words
Risky Map Clicking: Next State Alphabetically
Adjectives in 80s TV Shows
Recently Updated
Leaping Animals
pecheneg
Reality TV Shows (A-Z)
bhenderson79
Rickey Henderson's Hall of Fame Teammates
pecheneg
Champions League XIs: Arsenal
pecheneg
Quick Pick: Celebrities in WWE's Hall of Fame
aduchscher
A-Z Keypad Blitz II
pecheneg
Multiple Oscar Actors
pecheneg
Mystery Phrase Blitz: Oscar 'Best Actors'
pecheneg
F. Scott Fitzgerald Novels
LTH
Pick 3 Villains
ddd62291
Trending Topics
Crossword
Marvel
Anime
Disney
Kpop
Harry Potter
NBA
Soccer
Pokémon
Puzzle
WWE
Country
Song
The Office
NFL
Your Account Isn't Verified!
In order to create a playlist on Sporcle, you need to verify the email address you used during registration. Go to your
Sporcle Settings
to finish the process.
Report this User
Report this user for behavior that violates our
Community Guidelines
.
Details:
Send Report
Go to the Sporcle.com Mobile Site →
Comments